| 000 | 01288nam a2200301 i 4500 | ||
|---|---|---|---|
| 001 | 114882 | ||
| 003 | ES-MaACL | ||
| 005 | 20230906190256.0 | ||
| 007 | t| | ||
| 008 | 070206s1924 sp ||||1| spa d | ||
| 080 | _a970/980 "15-192" | ||
| 080 | _a017(468.112.1-2 Archivo General De Indias) | ||
| 080 | _a98(=60)"1806 | ||
| 080 | _a930.255(460.353 Sevilla) | ||
| 080 | _a30"(093) | ||
| 100 | 1 |
_aTorres Lanzas, Pedro. _9110975 |
|
| 245 | 1 | 0 |
_aIndependencia de América _b: fuentes para su estudio : colección de documentos conservados en el Archivo General de Indias de Sevilla / _cPedro Torres Lanzas. |
| 260 |
_aSevilla : _b[s.n.], _c1924 ( _fTip. Zarzuela) |
||
| 300 |
_a2 v. ; _c24 cm. |
||
| 490 | 1 |
_aPublicaciones del Centro Oficial de Estudios Americanistas de Sevilla . Biblioteca colonial americana ; _vv. 11 |
|
| 500 | _aPrecede al Tít.: Archivo General de Indias. | ||
| 610 | 2 |
_aArchivo General de Indias- _xCatálogos. _91431 |
|
| 651 | 4 |
_aAmérica española- _xHistoria- _y1806-1830, Guerras de la Independencia. _97726 |
|
| 710 | 2 |
_aArchivo General de Indias. _9149748 |
|
| 830 | 0 |
_aPublicaciones del Centro Oficial de Estudios Americanistas de Sevilla . Biblioteca colonial americana ; _vv. 11 _9185793 |
|
| 852 |
_aES-MaACL _jE-4445 |
||
| 999 |
_c114882 _d114882 |
||